Kritika médií

Poslaním médií je zhromažďovať, spracovávať a šíriť informácie. Je to základ práce novinára. Celá jeho práca by sa mala diať za dodržiavania právnych a etických noriem. V príspevku sa autor zameriava na právnu a etickú rovinu. Po vzniku SR môžeme hovoriť, že etika médií je u nás nová spoločenská dis...

Description complète

Enregistré dans:
Détails bibliographiques
Auteur principal: Botík, Milan
Format: Chapitre de livre
Langue:slovaque
Sujets:
Tags: Ajouter un tag
Pas de tags, Soyez le premier à ajouter un tag!

MARC

LEADER 00000nla a2200000 4500
001 0231003
005 20240417075119.6
041 0 |a slo 
044 |a SK 
245 1 0 |a Kritika médií  |c Milan Botík 
520 |a Poslaním médií je zhromažďovať, spracovávať a šíriť informácie. Je to základ práce novinára. Celá jeho práca by sa mala diať za dodržiavania právnych a etických noriem. V príspevku sa autor zameriava na právnu a etickú rovinu. Po vzniku SR môžeme hovoriť, že etika médií je u nás nová spoločenská disciplína, ktorá je na začiatku svojho rozvoja. Každý novinár a žurnalista musí mať určitú úroveň morálneho posudzovania, čo je správne a čo nie. Jednotliví novinári sa spoločne podieľajú na celkovej etike médií. Dodržiavanie etických pravidiel sa odzrkadlí na kritike médií. Média a ich tvorcovia sú neustále pod paľbou kritiky za zverejňované informácie. Často táto kritika prerastá až do súdnych sporov. Nedodržiavanie etických a mnohokrát i právnych zásad je doménou bulváru. Všetci to vieme, no i napriek tomu je najpredávanejší a najčítanejší. 
610 2 0 |a médiá 
610 2 0 |a informácie 
610 2 0 |a novinárstvo 
610 2 0 |a etika 
610 2 0 |a právo 
100 1 |a Botík, Milan